The calculus of variations in the large

Saved in:
Bibliographic Details
Main Author: Morse, Marston 1892-
Format: Book
Language:English
Published: Providence, Rhode island : American Mathematical Society , c1932
Series:Colloquium publications (American Mathematical Society) ; 18
Subjects:
Tags: Add Tag
No Tags, Be the first to tag this record!

MARC

LEADER 00000nam a2200000 i 4500
001 1/44593
008 941103s1932 eng d
020 |a 0-8218-1018-9 
035 |a 1993  |c ΑΝΟΥΣΗΣ  |l 10042320 
040 |a GR-MY-UA  |b gre  |e aacr 
041 0 |a eng 
100 1 |a Morse, Marston  |d 1892- 
245 1 4 |a The calculus of variations in the large /  |c Marston Morse 
260 |a Providence, Rhode island :   |b American Mathematical Society ,   |c c1932 
300 |a 368 p.;  |c 25 cm. 
490 1 |a Colloquium publications (American Mathematical Society)  |v ; 18 
504 |a Includes bibliography and index 
650 0 0 |a Calculus of variations. 
650 0 0 |a Boundary value problems. 
830 0 |a Colloquium publications (American Mathematical Society)  |v ; 18 
852 |a INST  |b SAMOS  |e 19941103  |h 515.64 MOR  |p 005300003134  |q 005300003134  |t BK  |y 0 
852 |a INST  |b SAMOS  |e 19941103  |h 515.64 MOR  |p 005300007306  |q 005300007306  |t BK  |y 0 
909 |a Σ  |b 028559 
909 |a Σ  |b 034585